000 00977nam a22002295i 4500
001 176002
003 ES-MaACL
005 20250812221539.0
008 101209s1967 sp |||| | spa d
080 _a551.46:627
100 1 _aSuárez Bores, Pedro.
_9144219
245 1 0 _aIntroducción a la estructura del oleaje /
_cP. Suárez Bores.
260 _aMadrid :
_bCentro de estudios y experimentación de Obras Públicas, Laboratorio de Puertos,
_c1967.
300 _aII, 104 p. ;
_c27 cm.
490 1 _aCentro de Estudios y Experimentación de Obras Públicas. Laboratorio de Puertos ;
_v4-B
504 _aBibliografía: p. 104.
650 0 4 _aOlas.
_9144225
710 0 _aCentro de Estudios y Experimentación de Obras Públicas.
_bLaboratorio de Puertos (España)
_92687
830 0 0 _aCentro de Estudios y Experimentación de Obras Públicas.
_pLaboratorio de Puertos
_v4-B
_9189888
852 _aES-MaACL
_j2277-F-4
_xOlim P-1412
999 _c176002
_d176002